| 000 | 00324 a2200121 4500 | ||
|---|---|---|---|
| 020 | _a0834111551 | ||
| 050 |
_aBV4501.2 _b.W45 1986 |
||
| 100 |
_aWellman, Pat. _98006 |
||
| 245 |
_aYou can bet the ranch / _cPat Wellman. |
||
| 260 |
_aKansas City, MO : _bBeacon Hill, _c♭1986. |
||
| 300 |
_a96 p. : _c19 cm. |
||
| 942 |
_2lcc _cBK _n0 |
||
| 999 |
_c3775 _d3775 |
||